[Event "AUT2o-chT"]
[Site "Stockerau"]
[Date "2001.02.17"]
[Round "8.5"]
[White "Pernerstorfer, Johannes"]
[Black "Kreindl, Helmut"]
[Result "0-1"]
[WhiteElo "2165"]
[BlackElo "2179"]
[PlyCount "106"]
[EventDate "2001.02.17"]

1. d4 d5 2. c4 e6 3. Nc3 Nf6 4. Nf3 Be7 5. e3 O-O 6. Be2 b6 7. O-O Bb7 8. b3
Nbd7 9. Bb2 Rc8 10. Ne1 c5 11. Bf3 Ne4 12. cxd5 exd5 13. Nxe4 dxe4 14. Be2 Bf6
15. Nc2 Qe7 16. Bb5 Rfd8 17. Qe2 Nb8 18. a4 Nc6 19. Rad1 cxd4 20. exd4 Nb4 21.
Ne3 Nd5 22. Nf5 Qe6 23. Qg4 Kh8 24. Bc4 g6 25. Ne3 Qxg4 26. Nxg4 Bg7 27. Ne5
Rc7 28. Rfe1 f6 29. Ng4 h5 30. Ne3 f5 31. g3 Bh6 32. Ng2 Kg7 33. h3 Kf6 34. Ne3
g5 35. g4 hxg4 36. hxg4 Nxe3 37. Rxe3 Bd5 38. Rh3 Bg7 39. gxf5 Kxf5 40. Bf1 Rh8
41. Re3 g4 42. Bg2 Rc2 43. Bc1 Rhc8 44. Ree1 R8c3 45. Be3 Rxb3 46. Kh2 Bf6 47.
Rb1 Rxb1 48. Rxb1 Ra2 49. Rb5 Ke6 50. Kg3 Rxa4 51. Kxg4 Bxd4 52. Kf4 Bxe3+ 53.
fxe3 Kd6 0-1

[Event "AUT2o-chT"]
[Site "Stockerau"]
[Date "2001.02.17"]
[Round "8.6"]
[White "Schwaninger, Wolfgang"]
[Black "Schirmbeck, Hannes"]
[Result "1-0"]
[WhiteElo "2108"]
[BlackElo "2159"]
[PlyCount "71"]
[EventDate "2001.02.17"]

1. d4 Nf6 2. Nf3 d5 3. e3 g6 4. c4 c6 5. Nc3 Bg7 6. Bd3 O-O 7. O-O dxc4 8. Bxc4
Bg4 9. h3 Bxf3 10. Qxf3 Nbd7 11. Rd1 e5 12. a4 Qa5 13. Bd2 exd4 14. exd4 Qb6
15. Bf4 Qb4 16. b3 Nb6 17. Na2 Qe7 18. a5 Nxc4 19. bxc4 Ne4 20. Rab1 Rad8 21.
d5 f5 22. a6 g5 23. Rxb7 Qc5 24. Bc7 Bd4 25. Rxd4 Qxd4 26. Bxd8 Qa1+ 27. Kh2
Qe5+ 28. g3 Rxd8 29. Qh5 Qf6 30. Qxh7+ Kf8 31. Nb4 Nxf2 32. Nxc6 Re8 33. Nd4
Ng4+ 34. hxg4 fxg4 35. Qf5 Re2+ 36. Kg1 1-0

[Event "AUT2o-chT"]
[Site "Stockerau"]
[Date "2001.02.18"]
[Round "9.1"]
[White "Beim, Valeri"]
[Black "Videki, Sandor"]
[Result "1-0"]
[WhiteElo "2528"]
[BlackElo "2404"]
[PlyCount "73"]
[EventDate "2001.02.18"]

1. c4 e5 2. Nc3 Bb4 3. Nd5 Bc5 4. Nf3 c6 5. Nc3 Qe7 6. e3 d6 7. Be2 Nf6 8. O-O
O-O 9. d4 Bb6 10. b3 Bg4 11. h3 Bh5 12. Ba3 e4 13. Nh4 Bxe2 14. Qxe2 g6 15. f4
Ne8 16. g3 f5 17. Ng2 Na6 18. b4 Nf6 19. Rab1 Rfc8 20. b5 Nc7 21. bxc6 bxc6 22.
Na4 Ne6 23. Rfd1 Qd8 24. c5 Bc7 25. Qa6 dxc5 26. d5 Ng7 27. dxc6 Qe8 28. Bb2
Ngh5 29. g4 fxg4 30. hxg4 Nxg4 31. Rd7 Ngf6 32. Qc4+ Kh8 33. Rbd1 Rab8 34. Bc3
Bb6 35. R1d6 Rxc6 36. Rxc6 Qxd7 37. Rxf6 1-0

[Event "AUT2o-chT"]
[Site "Stockerau"]
[Date "2001.02.18"]
[Round "9.2"]
[White "Neumeier, Klaus"]
[Black "Lau, Ralf"]
[Result "0-1"]
[WhiteElo "2306"]
[BlackElo "2498"]
[PlyCount "94"]
[EventDate "2001.02.18"]

1. e4 c5 2. Nc3 a6 3. g3 b5 4. a3 Bb7 5. Bg2 Nf6 6. d3 e6 7. Nge2 d5 8. exd5
Nxd5 9. O-O Nxc3 10. Nxc3 Bxg2 11. Kxg2 Nc6 12. Be3 Nd4 13. Bxd4 cxd4 14. Qf3
dxc3 15. Qc6+ Ke7 16. Qb7+ Ke8 17. bxc3 Be7 18. Qf3 Bf6 19. d4 Ke7 20. Qd3 Qd5+
21. Kg1 Kd7 22. a4 g6 23. axb5 axb5 24. Rab1 Rhb8 25. Rb3 Ra4 26. Rfb1 Rc4 27.
Qe3 Bg5 28. Qe2 Ke7 29. h4 Bh6 30. Ra1 Kf8 31. Ra7 Kg8 32. h5 b4 33. hxg6 hxg6
34. Ra4 Bf8 35. Ra5 Qc6 36. Qe5 Qc7 37. Qxc7 Rxc7 38. cxb4 Rxb4 39. Rxb4 Bxb4
40. Ra4 Bf8 41. c4 Bg7 42. c5 e5 43. dxe5 Bxe5 44. f4 Bf6 45. f5 gxf5 46. Rf4
Rxc5 47. g4 Bg5 0-1

[Event "AUT2o-chT"]
[Site "Stockerau"]
[Date "2001.02.18"]
[Round "9.3"]
[White "Wukits, Rene"]
[Black "Hechl, Gerald"]
[Result "1/2-1/2"]
[WhiteElo "2347"]
[BlackElo "2216"]
[PlyCount "80"]
[EventDate "2001.02.18"]

1. d4 e6 2. c4 b6 3. a3 Bb7 4. Nc3 g6 5. Nh3 Bg7 6. Bg5 Ne7 7. e4 f6 8. Be3 O-O
9. d5 e5 10. f3 f5 11. b4 fxe4 12. fxe4 a5 13. Nf2 axb4 14. axb4 Rxa1 15. Qxa1
Na6 16. Qa3 c5 17. bxc5 bxc5 18. Nd3 d6 19. Be2 Nc8 20. Kd2 Nb6 21. Qb3 Nb8 22.
Rb1 N8d7 23. Nb2 Qh4 24. Nba4 Nxa4 25. Qxa4 Bc8 26. Rf1 Nf6 27. Qc6 Bg4 28.
Qxd6 Bxe2 29. Kxe2 Qg4+ 30. Kd3 Nxe4 31. Rxf8+ Bxf8 32. Qxe5 Nxc3 33. Qxc3 Qxg2
34. Qf6 Qxh2 35. Bf4 Qh3+ 36. Ke4 Qh1+ 37. Ke3 Qe1+ 38. Kf3 Qf1+ 39. Kg3 Qe1+
40. Kf3 Qf1+ 1/2-1/2

[Event "AUT2o-chT"]
[Site "Stockerau"]
[Date "2001.02.18"]
[Round "9.4"]
[White "Wandl, Werner"]
[Black "Wallner, Alfred"]
[Result "0-1"]
[WhiteElo "2162"]
[BlackElo "2226"]
[PlyCount "100"]
[EventDate "2001.02.18"]

1. e4 c5 2. Nc3 Nc6 3. g3 g6 4. Bg2 Bg7 5. d3 d6 6. f4 e6 7. Nf3 Nge7 8. O-O
O-O 9. Be3 Nd4 10. Qd2 Rb8 11. e5 Nef5 12. Bf2 Nxf3+ 13. Bxf3 Nd4 14. Bg2 dxe5
15. fxe5 Bxe5 16. Rae1 Bg7 17. Be3 e5 18. Ne4 b6 19. Bh6 f6 20. Bxg7 Kxg7 21.
Rf2 Bb7 22. Ref1 Bxe4 23. Bxe4 Qd6 24. a4 Rbd8 25. Qe3 Ne6 26. b3 Qd4 27. Qe2
Ng5 28. Bg2 f5 29. Kh1 Rde8 30. Qd2 Nf7 31. Re1 h5 32. Re3 Nh6 33. Ree2 Ng4 34.
Rf1 h4 35. h3 hxg3 36. c3 Qd8 37. Kg1 Nh6 38. Rfe1 Nf7 39. d4 cxd4 40. cxd4 e4
41. d5 Qd6 42. Rc1 Rc8 43. Rc3 Qe5 44. Rc6 Rxc6 45. dxc6 Rc8 46. Qc1 Qd4+ 47.
Kf1 Ne5 48. Qg5 Qd1+ 49. Re1 Qd3+ 50. Kg1 Rxc6 0-1

[Event "AUT2o-chT"]
[Site "Stockerau"]
[Date "2001.02.18"]
[Round "9.6"]
[White "Mayr, Thomas"]
[Black "Schwaninger, Wolfgang"]
[Result "0-1"]
[WhiteElo "2049"]
[BlackElo "2108"]
[PlyCount "76"]
[EventDate "2001.02.18"]

1. e4 g6 2. d4 Bg7 3. Nf3 d6 4. h3 c6 5. a4 Nf6 6. Nc3 O-O 7. Be3 Qa5 8. Nd2
Be6 9. Bd3 Na6 10. O-O Nb4 11. Be2 d5 12. e5 Nd7 13. Nb3 Qc7 14. f4 f6 15. Qd2
a5 16. Rac1 fxe5 17. fxe5 Rxf1+ 18. Rxf1 Bf5 19. Rc1 Qb6 20. g4 Be6 21. Bf3 Rf8
22. Kg2 Qd8 23. Ne2 Kh8 24. Nf4 Bg8 25. h4 c5 26. c3 Nc6 27. Bxd5 Rxf4 28. Bxc6
Rxg4+ 29. Kh3 Be6 30. Bxd7 Qxd7 31. d5 Rd4+ 32. dxe6 Qxe6+ 33. Kg2 Qg4+ 34. Kf2
Qxh4+ 35. Ke2 Qg4+ 36. Kf2 Rxd2+ 37. Nxd2 Bxe5 38. Rf1 Bg3+ 0-1

[Event "AUT2o-chT"]
[Site "Stockerau"]
[Date "2001.02.18"]
[Round "9.2"]
[White "Groetz, Harald"]
[Black "Wallner, Joachim"]
[Result "1-0"]
[WhiteElo "2258"]
[BlackElo "2272"]
[PlyCount "101"]
[EventDate "2001.02.18"]

1. e4 e6 2. d4 d5 3. Nd2 c5 4. exd5 Qxd5 5. Ngf3 cxd4 6. Bc4 Qd6 7. O-O Nf6 8.
Nb3 Nc6 9. Nbxd4 Nxd4 10. Nxd4 a6 11. Re1 Qc7 12. Bb3 Bd7 13. Bg5 Bd6 14. h3
O-O-O 15. Qf3 Qc5 16. Qe3 h6 17. Bf4 Bxf4 18. Qxf4 Nh5 19. Qxf7 Qxd4 20. Qxh5
Rhf8 21. Qe2 Qxb2 22. Qe3 Bc6 23. Qg3 Bd5 24. Rab1 Qf6 25. c4 Bc6 26. c5 Qf4
27. Bxe6+ Kb8 28. Qxf4+ Rxf4 29. Rbd1 Rfd4 30. Rxd4 Rxd4 31. Re5 Re4 32. Rxe4
Bxe4 33. f3 Bd3 34. Kf2 Kc7 35. Bd5 b6 36. cxb6+ Kxb6 37. h4 Kc5 38. Be4 Bc4
39. a3 Kd4 40. a4 a5 41. Bc6 Bb3 42. Be8 Kc3 43. g4 Kb4 44. f4 Bxa4 45. Bxa4
Kxa4 46. f5 Kb3 47. g5 hxg5 48. hxg5 a4 49. f6 a3 50. fxg7 a2 51. g8=Q+ 1-0

[Event "AUT2o-chT"]
[Site "Stockerau"]
[Date "2001.02.18"]
[Round "9.3"]
[White "Steiner, Bruno"]
[Black "Wiedermann, Franz"]
[Result "1/2-1/2"]
[WhiteElo "2236"]
[BlackElo "2169"]
[PlyCount "122"]
[EventDate "2001.02.18"]

1. e4 d5 2. exd5 Qxd5 3. Nc3 Qa5 4. Nf3 Nf6 5. d4 c6 6. Ne5 Be6 7. Nc4 Qc7 8.
Qf3 Bg4 9. Qd3 Nbd7 10. h3 Be6 11. Qf3 Nd5 12. Ne4 h6 13. Bd3 Nb4 14. Bf4 Nxd3+
15. cxd3 Qd8 16. Qg3 Nb6 17. O-O Nxc4 18. dxc4 Bxc4 19. Rfe1 Kd7 20. Rac1 Bd5
21. Nc3 Ke8 22. Re5 g5 23. Nxd5 cxd5 24. Bd2 e6 25. Ree1 Bd6 26. Qb3 Qc7 27.
Qf3 Qe7 28. Re2 Kf8 29. Rf1 Kg7 30. Qd3 Qf6 31. f4 gxf4 32. Ref2 Qg6 33. Qb3
Rhg8 34. Bxf4 Bxf4 35. Rxf4 Kh8 36. Rg4 Qh7 37. Qxb7 f5 38. Rxg8+ Rxg8 39.
Qxh7+ Kxh7 40. Rc1 Kg6 41. Rc7 Rb8 42. Rc2 Rb4 43. Rd2 Rc4 44. Kf2 f4 45. Ke2
Kf5 46. Kd3 Rc1 47. b4 Re1 48. Kc2 Re3 49. a4 Rg3 50. a5 a6 51. Re2 h5 52. Kb2
Rd3 53. b5 axb5 54. a6 Rg3 55. a7 Rg8 56. Kc3 Ra8 57. Ra2 Ke4 58. Re2+ Kf5 59.
Ra2 Ke4 60. Re2+ Kf5 61. Ra2 Ke4 1/2-1/2

[Event "AUT2o-chT"]
[Site "Stockerau"]
[Date "2001.02.18"]
[Round "9.4"]
[White "Voegel, Wolfgang"]
[Black "Fusi, Christoph"]
[Result "1/2-1/2"]
[WhiteElo "2174"]
[BlackElo "2275"]
[PlyCount "88"]
[EventDate "2001.02.18"]

1. d4 d5 2. c4 e6 3. Nc3 Nf6 4. cxd5 exd5 5. Bg5 Be7 6. e3 O-O 7. Bd3 c6 8. Qc2
Nbd7 9. Nf3 Re8 10. O-O h6 11. Bh4 Ne4 12. Bxe7 Qxe7 13. Rfe1 Nf8 14. b4 a6 15.
a4 Ng6 16. b5 axb5 17. axb5 Rxa1 18. Rxa1 Bg4 19. Ne1 Nh4 20. bxc6 bxc6 21.
Nxe4 dxe4 22. Bf1 Qd6 23. Ra6 Bd7 24. Be2 Qb4 25. Kf1 Nf5 26. Ra7 Qd6 27. Kg1
Ne7 28. Qb3 Nd5 29. Nc2 Be6 30. Qa4 Nc3 31. Qa6 Nxe2+ 32. Qxe2 Rb8 33. Ra1 Rb2
34. Qd2 Qb8 35. Qc3 Rb3 36. Qd2 Qb5 37. h3 Qd3 38. Qd1 Rb2 39. Ne1 Qb5 40. Nc2
Bb3 41. Na3 Qd3 42. Qc1 Qe2 43. Qf1 Qd2 44. Rc1 Ra2 1/2-1/2

[Event "AUT2o-chT"]
[Site "Stockerau"]
[Date "2001.02.18"]
[Round "9.5"]
[White "Zetthofer, Gerald"]
[Black "Pernerstorfer, Johannes"]
[Result "0-1"]
[WhiteElo "2242"]
[BlackElo "2165"]
[PlyCount "73"]
[EventDate "2001.02.18"]

1. d4 Nf6 2. c4 g6 3. Nc3 Bg7 4. e4 d6 5. Nf3 O-O 6. Be2 e5 7. O-O Nc6 8. d5
Ne7 9. Nd2 Nd7 10. b4 f5 11. f3 f4 12. a4 g5 13. Ba3 Ng6 14. c5 Nf6 15. Nc4 Ne8
16. Rc1 Rf7 17. Qb3 Bf8 18. cxd6 Nxd6 19. Nxd6 cxd6 20. a5 h5 21. h3 Nh4 22.
Nd1 g4 23. fxg4 Qg5 24. Nf2 f3 25. Bxf3 Nxf3+ 26. gxf3 Qh4 27. Nh1 Bh6 28. Rc2
Bf4 29. Bc1 Qxh3 30. Bxf4 Rxf4 31. Rh2 Rxg4+ 32. fxg4 Qxb3 33. Rxh5 Qe3+ 34.
Rf2 Bxg4 35. Rh4 Bd7 36. Rhh2 Bh3 37. Ng3 0-1

[Event "AUT2o-chT"]
[Site "Stockerau"]
[Date "2001.02.18"]
[Round "9.6"]
[White "Schirmbeck, Hannes"]
[Black "Knoflicek, Ctibor"]
[Result "1/2-1/2"]
[WhiteElo "2159"]
[BlackElo "2156"]
[PlyCount "46"]
[EventDate "2001.02.18"]

1. e4 e5 2. Nf3 Nf6 3. Nc3 Nc6 4. d4 exd4 5. Nd5 Be7 6. Nxd4 Nxd5 7. exd5 Nxd4
8. Qxd4 Bf6 9. Qe4+ Qe7 10. Qxe7+ Bxe7 11. Bf4 d6 12. Bb5+ Bd7 13. Bxd7+ Kxd7
14. b3 Bf6 15. O-O-O Rhe8 16. Rhe1 a5 17. a4 Bc3 18. Rxe8 Rxe8 19. Be3 Bb4 20.
Rd3 g6 21. c3 Bc5 22. Kd2 Re5 23. c4 b6 1/2-1/2

[Event "AUT2o-chT"]
[Site "Stockerau"]
[Date "2001.02.18"]
[Round "9.2"]
[White "Lanc, Alois"]
[Black "Miniboeck, Guenter"]
[Result "1/2-1/2"]
[WhiteElo "2392"]
[BlackElo "2413"]
[PlyCount "29"]
[EventDate "2001.02.18"]

1. e4 c5 2. Nf3 d6 3. d4 cxd4 4. Nxd4 Nf6 5. Nc3 a6 6. f4 e5 7. Nf3 Nbd7 8. a4
Be7 9. Bd3 O-O 10. O-O Nc5 11. Kh1 exf4 12. Bxf4 Bg4 13. Qd2 Bh5 14. Rae1 Bg6
15. Nd4 1/2-1/2

[Event "AUT2o-chT"]
[Site "Stockerau"]
[Date "2001.02.18"]
[Round "9.4"]
[White "Steiner, Heinz"]
[Black "Eibersberger, Manfred"]
[Result "1/2-1/2"]
[WhiteElo "2150"]
[BlackElo "2158"]
[PlyCount "32"]
[EventDate "2001.02.18"]

1. d4 g6 2. Nf3 Bg7 3. c4 Nf6 4. g3 c5 5. d5 b5 6. cxb5 a6 7. b6 Qxb6 8. Nc3 d6
9. Bg2 O-O 10. O-O a5 11. Re1 Ba6 12. e4 Nbd7 13. h3 Ne8 14. Qc2 Nc7 15. Bg5
Rfe8 16. Bd2 Nb5 1/2-1/2

[Event "AUT2o-chT"]
[Site "Stockerau"]
[Date "2001.02.18"]
[Round "9.5"]
[White "Perndl, Johann"]
[Black "Steinwender, Peter"]
[Result "1/2-1/2"]
[WhiteElo "2109"]
[BlackElo "2145"]
[PlyCount "99"]
[EventDate "2001.02.18"]

1. e4 c5 2. c3 d6 3. d4 Nf6 4. Nd2 e5 5. dxe5 dxe5 6. Ngf3 Nbd7 7. Bc4 Be7 8.
O-O O-O 9. Qb3 h6 10. Rd1 Qc7 11. a4 Nb6 12. Qc2 Nxc4 13. Nxc4 Bg4 14. Ncxe5
Bh5 15. Bf4 Bxf3 16. gxf3 Bd6 17. Rxd6 Qxd6 18. Ng6 Qe6 19. Nxf8 Rxf8 20. Bg3
Rd8 21. Rd1 Rxd1+ 22. Qxd1 c4 23. Qd8+ Kh7 24. Qc7 Kg6 25. Qxb7 a6 26. Qc7 Nd7
27. Qd6 Nb6 28. a5 Nd7 29. Qxe6+ fxe6 30. Bd6 e5 31. Kf1 Kg5 32. Ke2 Kf4 33.
Bc7 Kg5 34. Ke3 Kf6 35. f4 exf4+ 36. Bxf4 Nc5 37. Bd6 Nb3 38. f4 g6 39. Bc7 Ke6
40. h4 h5 41. Bd8 Kd7 42. Bf6 Ke6 43. Be5 Nxa5 44. Bc7 Nb3 45. Bb6 Kf6 46. Bd4+
Ke6 47. Ke2 Nc1+ 48. Ke3 a5 49. Bb6 Nb3 50. Bc7 1/2-1/2

[Event "AUT2o-chT"]
[Site "Stockerau"]
[Date "2001.02.18"]
[Round "9.2"]
[White "Wirius, Johannes"]
[Black "Schneider-Zinner, Harald"]
[Result "0-1"]
[WhiteElo "2239"]
[BlackElo "2285"]
[PlyCount "88"]
[EventDate "2001.02.18"]

1. d4 e6 2. Nf3 Nf6 3. c4 b6 4. g3 Ba6 5. Qc2 c5 6. Bg2 Nc6 7. Bd2 cxd4 8. O-O
Bb7 9. Rd1 Bc5 10. Ne1 Qc7 11. Nd3 O-O 12. b4 Be7 13. Na3 e5 14. c5 e4 15. Nf4
bxc5 16. bxc5 Ne5 17. Rab1 d3 18. Qb2 dxe2 19. Nxe2 Ba6 20. Bf4 Qxc5 21. Bxe5
Qxa3 22. Qxa3 Bxa3 23. Nf4 Rfe8 24. Bxf6 gxf6 25. Nd5 Bd3 26. Rb3 Bc2 27. Nxf6+
Kf8 28. Rxa3 Bxd1 29. Nxe8 Rxe8 30. Rxa7 d5 31. Rd7 Re5 32. Kf1 Ke8 33. Rd6 Ke7
34. Rh6 d4 35. Rxh7 Bg4 36. Ke1 Rc5 37. Rh4 Rc1+ 38. Kd2 Rd1+ 39. Kc2 d3+ 40.
Kc3 Rc1+ 41. Kd2 Rc2+ 42. Ke3 d2 43. Bxe4 d1=Q 44. Bxc2 Qc1+ 0-1

[Event "AUT2o-chT"]
[Site "Stockerau"]
[Date "2001.02.18"]
[Round "9.3"]
[White "Juraczka, Franz"]
[Black "Kuthan, Andreas"]
[Result "1-0"]
[WhiteElo "2238"]
[BlackElo "2192"]
[PlyCount "53"]
[EventDate "2001.02.18"]

1. c4 c6 2. d4 d5 3. cxd5 cxd5 4. Nc3 Nc6 5. Nf3 Nf6 6. Bf4 a6 7. e3 Bg4 8. Be2
e6 9. O-O Bd6 10. Bxd6 Qxd6 11. Na4 Rc8 12. Rc1 O-O 13. Nc5 Rc7 14. Qb3 Bxf3
15. Bxf3 Na5 16. Qb4 Nc6 17. Qb6 Rb8 18. Rc3 Ne8 19. Kh1 Qe7 20. Rfc1 Nd6 21.
Nxe6 fxe6 22. Rxc6 Rxc6 23. Rxc6 Rd8 24. Rc7 Qf6 25. h3 Qh4 26. Kg1 Qf6 27. b3
1-0

[Event "AUT2o-chT"]
[Site "Stockerau"]
[Date "2001.02.18"]
[Round "9.4"]
[White "Zaynard, Andreas"]
[Black "Bachofner, Andreas"]
[Result "0-1"]
[WhiteElo "2074"]
[BlackElo "2179"]
[PlyCount "178"]
[EventDate "2001.02.18"]

1. d3 d5 2. f4 g6 3. g3 Bg7 4. Bg2 Nf6 5. c3 O-O 6. Na3 c6 7. Nh3 Ng4 8. e3 Na6
9. O-O Qb6 10. Qe2 f5 11. Nf2 Nxf2 12. Rxf2 Nc5 13. Rb1 Bd7 14. c4 d4 15. exd4
Bxd4 16. Be3 Nxd3 17. Rf3 Nb4 18. Qd2 Bxe3+ 19. Qxe3 Na6 20. Qxb6 axb6 21. Re3
Kf7 22. b4 Rfd8 23. Rbe1 e6 24. Nc2 Nc7 25. a3 Be8 26. R1e2 Rd1+ 27. Kf2 h6 28.
Re5 Rad8 29. c5 b5 30. a4 bxa4 31. Na3 R1d4 32. b5 cxb5 33. Bxb7 Rd2 34. c6
R8d3 35. Nxb5 Nxb5 36. Rxb5 Rxe2+ 37. Kxe2 Rc3 38. Kd2 Rc4 39. Ra5 Bxc6 40.
Bxc6 Rxc6 41. Rxa4 Kf6 42. Ke3 g5 43. Ra2 Rc1 44. Rf2 Re1+ 45. Kd2 Re4 46. Kd3
gxf4 47. gxf4 Kg6 48. Kd2 Kh5 49. h3 Kh4 50. Rf3 Ra4 51. Ke1 Ra1+ 52. Kf2 Ra2+
53. Kg1 Re2 54. Kh1 Kh5 55. Kg1 Kg6 56. Kf1 Ra2 57. Re3 Kf6 58. Kg1 Rd2 59. Kf1
Ke7 60. Ke1 Ra2 61. Kf1 Kd6 62. Kg1 Ra4 63. Rd3+ Kc5 64. Rf3 Kd5 65. Kf2 h5 66.
Kg3 Ke4 67. Rf1 Ra3+ 68. Kh4 Re3 69. Rf2 Re1 70. Kg5 Ke3 71. Ra2 Rg1+ 72. Kf6
Kxf4 73. Kxe6 Rg6+ 74. Kd5 h4 75. Ra4+ Kg5 76. Ra3 Rg8 77. Rf3 Re8 78. Kd4 Re1
79. Kd3 Rg1 80. Ke2 Rg3 81. Kf2 f4 82. Ke2 Rxf3 83. Kxf3 Kf5 84. Kf2 Ke4 85.
Ke2 f3+ 86. Kf2 Kf4 87. Kf1 Kg3 88. Kg1 Kxh3 89. Kf2 Kg4 0-1

[Event "AUT2o-chT"]
[Site "Stockerau"]
[Date "2001.02.18"]
[Round "9.5"]
[White "Bachofner, Christian"]
[Black "Vitouch, Anatol"]
[Result "1/2-1/2"]
[WhiteElo "2085"]
[BlackElo "2084"]
[PlyCount "56"]
[EventDate "2001.02.18"]

1. e4 c6 2. d4 d5 3. Nc3 dxe4 4. Nxe4 Nd7 5. Bc4 Ngf6 6. Ng5 e6 7. Qe2 Nb6 8.
Bd3 h6 9. N5f3 c5 10. dxc5 Bxc5 11. Ne5 Nbd7 12. Ngf3 Bd6 13. Bd2 Qc7 14. Nc4
Be7 15. O-O-O Nd5 16. Nce5 Bd6 17. Bb5 O-O 18. Bxd7 Bxd7 19. Kb1 Rac8 20. c4
Nf6 21. g4 Bc6 22. Nxc6 Qxc6 23. Rc1 Qe4+ 24. Qxe4 Nxe4 25. Be3 Bc5 26. Bxc5
Rxc5 27. Rc2 Rd8 28. Re1 Nf6 1/2-1/2

[Event "AUT2o-chT"]
[Site "Stockerau"]
[Date "2001.02.18"]
[Round "9.1"]
[White "Varga, Zoltan"]
[Black "Plachetka, Jan"]
[Result "1/2-1/2"]
[WhiteElo "2541"]
[BlackElo "2373"]
[PlyCount "100"]
[EventDate "2001.02.18"]

1. e4 e5 2. Nf3 Nc6 3. Bb5 a6 4. Ba4 Nf6 5. O-O Be7 6. Bxc6 dxc6 7. d3 Nd7 8.
b3 O-O 9. Bb2 Bd6 10. Nbd2 Re8 11. Nc4 c5 12. h3 f6 13. Nh4 Nb8 14. Nf5 Bxf5
15. exf5 Nc6 16. Qf3 Qd7 17. Rfe1 b5 18. Ne3 Rad8 19. Qe4 Bf8 20. g4 Ne7 21.
Kg2 Nc8 22. Nf1 c6 23. Ng3 Qd5 24. Qf3 Qxf3+ 25. Kxf3 c4 26. bxc4 bxc4 27. d4
Bb4 28. c3 Ba5 29. dxe5 Rd3+ 30. Re3 Rxe5 31. Rxd3 cxd3 32. Rd1 Rd5 33. c4 Rd8
34. c5 d2 35. Ne4 Ne7 36. Nd6 Bb4 37. Bd4 Nc8 38. Nxc8 Rxc8 39. Be3 Rd8 40. Ke2
Rd5 41. Bxd2 Bxd2 42. Rxd2 Rxc5 43. Rd8+ Kf7 44. Rd7+ Kf8 45. Ra7 Rc2+ 46. Ke3
Rxa2 47. Ra8+ Ke7 48. Ra7+ Kf8 49. Ra8+ Ke7 50. Ra7+ Kf8 1/2-1/2

[Event "AUT2o-chT"]
[Site "Stockerau"]
[Date "2001.02.18"]
[Round "9.2"]
[White "Rogetzer, Klaus"]
[Black "Schweda, Roland"]
[Result "1-0"]
[WhiteElo "2213"]
[BlackElo "2362"]
[PlyCount "71"]
[EventDate "2001.02.18"]

1. d4 Nf6 2. c4 g6 3. Nc3 Bg7 4. e4 O-O 5. f3 d6 6. Bg5 a6 7. Qd2 Nbd7 8. Rd1
Rb8 9. Nh3 c6 10. Be2 Qa5 11. O-O Re8 12. Nf2 b5 13. cxb5 axb5 14. a3 Nb6 15.
e5 dxe5 16. dxe5 Nfd7 17. e6 fxe6 18. Ng4 b4 19. Ne4 Nd5 20. Bh6 Bh8 21. Kh1
Qa7 22. Ng5 bxa3 23. bxa3 Bc3 24. Qa2 Nc5 25. Rb1 Ba6 26. Ne4 Na4 27. Qc2 Rxb1
28. Rxb1 Bxe2 29. Qxe2 Bd4 30. Qc4 c5 31. Ng5 Nac3 32. Re1 Qxa3 33. Nxe6 Qb4
34. Qd3 Bh8 35. Bd2 c4 36. Nh6# 1-0

[Event "AUT2o-chT"]
[Site "Stockerau"]
[Date "2001.02.18"]
[Round "9.3"]
[White "Stranz, Richard"]
[Black "Steiner, Johann"]
[Result "1/2-1/2"]
[WhiteElo "2254"]
[BlackElo "2112"]
[PlyCount "43"]
[EventDate "2001.02.18"]

1. e4 d5 2. exd5 Qxd5 3. Nc3 Qa5 4. Nf3 Nf6 5. d4 Bg4 6. h3 Bxf3 7. Qxf3 c6 8.
Bd2 e6 9. Ne4 Qd8 10. O-O-O Nbd7 11. Bf4 Nxe4 12. Qxe4 Nf6 13. Qe1 Bd6 14. Be5
Qc7 15. f4 O-O-O 16. g3 Rhg8 17. Bg2 Nd7 18. Bxd6 Qxd6 19. Qa5 g5 20. Qxa7 gxf4
21. g4 f3 22. Bf1 1/2-1/2

[Event "AUT2o-chT"]
[Site "Stockerau"]
[Date "2001.02.18"]
[Round "9.4"]
[White "Angerer, Michael"]
[Black "Krpelan, Wolfgang"]
[Result "0-1"]
[WhiteElo "2046"]
[BlackElo "2169"]
[PlyCount "77"]
[EventDate "2001.02.18"]

1. e4 c6 2. d4 d5 3. Nc3 g6 4. e5 Na6 5. Bxa6 bxa6 6. f4 Rb8 7. Nge2 e6 8. Nb1
Nh6 9. Ng3 c5 10. c3 Qb6 11. O-O Bd7 12. a4 cxd4 13. cxd4 Rc8 14. Nc3 Rc4 15.
Nce2 Qc6 16. b3 Rc2 17. Bd2 Be7 18. Rc1 Rxc1 19. Qxc1 Qb6 20. Qc3 O-O 21. f5
Nxf5 22. Nxf5 exf5 23. Qe3 Rb8 24. Rf3 Bf8 25. Qf4 Re8 26. g4 f6 27. a5 fxe5
28. axb6 exf4 29. gxf5 Rxe2 30. bxa7 Re8 31. Bxf4 Bg7 32. Rd3 gxf5 33. Bb8 Bc6
34. Kg2 Ba8 35. Kf3 Kf7 36. Rc3 Bxd4 37. Rc7+ Kg6 38. Rd7 Bc5 39. Kf4 0-1

[Event "AUT2o-chT"]
[Site "Stockerau"]
[Date "2001.02.18"]
[Round "9.1"]
[White "Alvir, Aco"]
[Black "Kummer, Helmut"]
[Result "1-0"]
[WhiteElo "2399"]
[BlackElo "2390"]
[PlyCount "71"]
[EventDate "2001.02.18"]

1. e4 e5 2. Nf3 Nc6 3. Bb5 Bc5 4. O-O d6 5. d4 exd4 6. Nxd4 Bd7 7. Nf5 g6 8.
Ne3 Nf6 9. Nc3 a6 10. Bxc6 bxc6 11. Nc4 Qe7 12. Bg5 Qe6 13. e5 Ng4 14. Qe2 h6
15. Bd2 Nxe5 16. Rae1 Bd4 17. Nxe5 dxe5 18. Ne4 Kf8 19. Be3 Kg7 20. Nc5 Qd5 21.
Nxd7 Qxd7 22. Rd1 Qf5 23. Rxd4 exd4 24. Bxd4+ Kh7 25. Bxh8 Kxh8 26. Rd1 Kg7 27.
Rd3 Rb8 28. b3 Rb5 29. Re3 Rd5 30. a3 Qf4 31. g3 Qf5 32. Kg2 c5 33. Re8 Qf6 34.
Qe7 Qxe7 35. Rxe7 Kf6 36. Rxc7 1-0

[Event "AUT2o-chT"]
[Site "Stockerau"]
[Date "2001.02.18"]
[Round "9.2"]
[White "Sandhu, Mario"]
[Black "Stuhlik, Marko"]
[Result "0-1"]
[WhiteElo "2285"]
[BlackElo "2237"]
[PlyCount "118"]
[EventDate "2001.02.18"]

1. e4 d6 2. d4 Nf6 3. Nc3 c6 4. Nf3 g6 5. h3 Bg7 6. Be3 O-O 7. Qd2 Nbd7 8. a4
a5 9. Rd1 Qc7 10. Be2 e5 11. O-O Re8 12. dxe5 dxe5 13. Bc4 Nf8 14. Bc5 Nh5 15.
Qe3 Be6 16. Bxe6 Rxe6 17. Bb6 Qe7 18. Rd2 Nf4 19. Rfd1 Bh6 20. Qc5 Qxc5 21.
Bxc5 Ree8 22. Bb6 N4e6 23. Rd6 f6 24. Nd2 Bxd2 25. R1xd2 Kf7 26. Nd1 Ra6 27.
Be3 Ke7 28. b3 Nd4 29. R2xd4 exd4 30. Bxd4 Ne6 31. Be3 Rd8 32. Rxd8 Kxd8 33.
Kf1 Kc7 34. Ke2 Ra8 35. Nb2 b6 36. f4 Rd8 37. c3 b5 38. g4 Re8 39. h4 Nf8 40.
Kd3 Rb8 41. axb5 cxb5 42. Kc2 Rc8 43. Kd3 Ra8 44. c4 a4 45. bxa4 bxa4 46. Bd4
Rd8 47. Nxa4 Ne6 48. Ke3 Nxd4 49. Nc3 Nc2+ 50. Ke2 Nb4 51. g5 f5 52. exf5 gxf5
53. h5 Rd3 54. Nb5+ Kd7 55. h6 Rh3 56. Nd4 Nd3 57. Nxf5 Nxf4+ 58. Kf2 Ne6 59.
Kg2 Nxg5 0-1

[Event "AUT2o-chT"]
[Site "Stockerau"]
[Date "2001.02.18"]
[Round "9.3"]
[White "Jelinek, Petr"]
[Black "Pingitzer, Harald"]
[Result "1/2-1/2"]
[WhiteElo "2162"]
[BlackElo "2278"]
[PlyCount "130"]
[EventDate "2001.02.18"]

1. d4 d5 2. Nf3 c6 3. g3 Nf6 4. Bg2 g6 5. O-O Bg7 6. Nbd2 O-O 7. c4 a5 8. b3 b5
9. cxb5 cxb5 10. Ne5 Qb6 11. Bb2 Bb7 12. a3 Nbd7 13. Nxd7 Nxd7 14. e3 e6 15.
Rc1 Ba6 16. Re1 Rfc8 17. Rxc8+ Rxc8 18. Qb1 Qb8 19. Rc1 Nb6 20. Rxc8+ Qxc8 21.
Qc1 Bf8 22. Bf1 Qb7 23. f4 Bd6 24. Kf2 Kf8 25. Nf3 f6 26. h4 a4 27. b4 Nc4 28.
Nd2 Qc7 29. Nxc4 dxc4 30. e4 Bb7 31. Qe3 Kf7 32. Bg2 Qb6 33. d5 Qxe3+ 34. Kxe3
e5 35. Bh3 Ke7 36. f5 Bc7 37. g4 Bb6+ 38. Ke2 gxf5 39. gxf5 Bd4 40. Bc1 Bc8 41.
h5 Bd7 42. Bg4 Be8 43. Bf3 Kf8 44. Bg4 Kg7 45. Kf3 Bf7 46. Ke2 Be8 47. Bf3 Ba1
48. Kd1 Bd7 49. h6+ Kf8 50. Bh5 Be8 51. Bxe8 Kxe8 52. Ke2 Bd4 53. Kf3 Kf7 54.
Ke2 Bg1 55. Kd1 Bf2 56. Kc2 Bh4 57. Bd2 Ke7 58. Kc3 Bg5 59. Kc2 Bf4 60. Kc3 Kd6
61. Kc2 Bg3 62. Kc3 Bf2 63. Kc2 Bd4 64. Bc3 Ke7 65. Bd2 Kd6 1/2-1/2

[Event "AUT2o-chT"]
[Site "Stockerau"]
[Date "2001.02.18"]
[Round "9.4"]
[White "Schwab, Rene"]
[Black "Lovrinovic, Christian"]
[Result "1/2-1/2"]
[WhiteElo "2277"]
[BlackElo "2169"]
[PlyCount "35"]
[EventDate "2001.02.18"]

1. e4 c5 2. Nf3 d6 3. Bb5+ Bd7 4. a4 Nf6 5. Nc3 e6 6. O-O Nc6 7. Re1 Be7 8. h3
O-O 9. Bf1 e5 10. Nb5 a6 11. Na3 Qc7 12. c3 d5 13. d3 h6 14. Qe2 dxe4 15. dxe4
Na5 16. Nc4 Nxc4 17. Qxc4 Be6 18. Qe2 1/2-1/2